Đến với thơ Nguyễn Khuyến
.
Gardado en:
| Formato: | Libro |
|---|---|
| Idioma: | Vietnamese |
| Publicado: |
H.
Nxb. Thanh Niên
2001
|
| Những chủ đề: | |
| Các nhãn: |
Engadir etiqueta
Sen Etiquetas, Sexa o primeiro en etiquetar este rexistro!
|
| Thư viện lưu trữ: | Mạng thư viện Đại học Đà Nẵng |
|---|
| LEADER | 00974nam a2200313 4500 | ||
|---|---|---|---|
| 001 | 000004418 | ||
| 003 | 557 | ||
| 005 | 20121211001228.0 | ||
| 008 | 110720s2001 viesd | ||
| 020 | |c 110000 | ||
| 041 | 0 | |a vie | |
| 082 | |a 895.9221 |b NG-K | ||
| 245 | 0 | |a Đến với thơ Nguyễn Khuyến |c Ngô Viết Dinh (chọn và b.tập) | |
| 260 | |a H. |b Nxb. Thanh Niên |c 2001 | ||
| 300 | |a 891tr |c 19cm | ||
| 520 | |a . | ||
| 653 | |a Nguyễn Khuyến | ||
| 653 | |a Tác giả | ||
| 910 | |d 20/07/2011 | ||
| OWN | |a LSP | ||
| AVA | |a UDN50 |b LSP |d 895.9221 NG-K |e available |t Error 5001 Not defined in file expand_doc_bib_avail. |f 10 |g 0 |h N |i 0 |k 1 | ||
| 999 | |a From the UDN01 | ||
| AVA | |a UDN50 |b LSP |d 895.9221 NG-K |e available |t Error 5001 Not defined in file expand_doc_bib_avail. |f 10 |g 0 |h N |i 0 |k 1 | ||
| TYP | |a Monograph | ||
| TYP | |a Printed language | ||
| 980 | |a Mạng thư viện Đại học Đà Nẵng | ||